| 000 | 00473nam a2200181Ia 4500 | ||
|---|---|---|---|
| 005 | 20250508162130.0 | ||
| 008 | 008 250505s9999 xx 000 0 hin d | ||
| 037 | _aTextual | ||
| 040 |
_aFEDL _beng _cFEDL |
||
| 041 |
_ahin _2eng |
||
| 084 |
_a891.431, BAC _qFEDL |
||
| 100 | _aBachchan | ||
| 245 | 0 | _aMilan yamini | |
| 260 |
_aKashi, India _bBhartiya Gyanpeeth _c1950 |
||
| 300 | _a229p. | ||
| 942 |
_cTEXL _h891.431, BAC |
||
| 999 |
_c1374574 _d1374574 |
||